[Event "Bekasi Percasi op 1st"]
[Site "Bekasi"]
[Date "2023.11.05"]
[Round "9"]
[White "Budhidharma, Nayaka"]
[Black "Satria, Duta Cahaya"]
[Result "1-0"]
[WhiteElo "2092"]
[BlackElo "2084"]
[PlyCount "67"]
[EventDate "2023.11.01"]
[EventType "swiss"]
[EventRounds "9"]
[EventCountry "INA"]
[SourceTitle "CB46_2023"]
[SourceDate "2023.11.15"]
[SourceVersion "1"]
[SourceVersionDate "2023.11.15"]
[SourceQuality "1"]

1. e4 e5 2. Nf3 Nc6 3. d4 exd4 4. Nxd4 Nf6 5. Nxc6 bxc6 6. e5 Qe7 7. Qe2 Nd5 8. h4 Qe6 9. Nd2 a5 10. Nf3 Ba6 11. c4 Nb6 12. b3 Bb4+ 13. Bd2 0-0 14. Bxb4 axb4 15. 0-0-0 f6 16. Qc2 fxe5 17. Ng5 Qf5 18. Bd3 Qf4+ 19. Rd2 h6 20. g3 Qf6 21. Nh7 Qe7 22. Nxf8 Qxf8 23. Be4 Bb7 24. Re1 Qc5 25. f4 exf4 26. Bh7+ Kh8 27. Rde2 Rf8 28. Re8 f3 29. Rxf8+ Qxf8 30. Bg6 f2 31. Qxf2 Qf7 32. Qf3 Qxf3 33. Re8+ Qf8 34. Rxf8# 1-0

[Event "Bekasi Percasi op 1st"]
[Site "Bekasi"]
[Date "2023.11.03"]
[Round "4"]
[White "Satria, Duta Cahaya"]
[Black "Sadikin The, Irwanto"]
[Result "1/2-1/2"]
[WhiteElo "2084"]
[BlackElo "2227"]
[PlyCount "36"]
[EventDate "2023.11.01"]
[EventType "swiss"]
[EventRounds "9"]
[EventCountry "INA"]
[SourceTitle "CB46_2023"]
[SourceDate "2023.11.15"]
[SourceVersion "1"]
[SourceVersionDate "2023.11.15"]
[SourceQuality "1"]

1. d4 d5 2. Bf4 Bf5 3. e3 e6 4. Nf3 Nf6 5. Ne5 Nfd7 6. Nd2 Nxe5 7. Bxe5 Nd7 8. Bg3 Nf6 9. c4 Bd6 10. Bf4 Be5 11. Bxe5 Qd7 12. Bd6 Qxd6 13. c5 Qe7 14. Nf3 0-0 15. Be2 c6 16. b4 Be4 17. 0-0 Bxf3 18. Bxf3 e5 1/2-1/2

[Event "Chiang Mai op 20th"]
[Site "Chiangmai"]
[Date "2022.10.26"]
[Round "5.7"]
[White "Satria, Duta Cahaya"]
[Black "Kvon, Andrey"]
[Result "0-1"]
[WhiteElo "1986"]
[BlackElo "2527"]
[PlyCount "46"]
[EventDate "2022.10.22"]
[EventType "swiss"]
[EventRounds "9"]
[EventCountry "THA"]
[SourceTitle "EXT 2024"]
[Source "ChessBase"]
[SourceDate "2023.10.10"]
[SourceVersion "1"]
[SourceVersionDate "2023.10.10"]
[SourceQuality "1"]

1. d4 f5 2. e4 fxe4 3. Nc3 Nf6 4. Bg5 g6 5. h4 d5 6. h5 Bf5 7. Bxf6 exf6 8. g4 Be6 9. hxg6 h5 10. Rxh5 Rxh5 11. gxh5 Bh6 12. Bh3 f5 13. Qe2 Nc6 14. Rd1 Qf6 15. Qb5 0-0-0 16. Na4 a6 17. Qb3 Nxd4 18. Qc3 Qg5 19. Qxd4 Qxg1+ 20. Bf1 e3 21. Qh4 f4 22. Ke2 Bg5 23. Bh3 f3+ 0-1

[Event "Bekasi Scua op 1st"]
[Site "Bekasi"]
[Date "2022.01.16"]
[Round "9"]
[White "Mahmud, Syarif"]
[Black "Satria, Duta Cahaya"]
[Result "1/2-1/2"]
[WhiteElo "2149"]
[BlackElo "1850"]
[PlyCount "43"]
[EventDate "2022.01.12"]
[EventType "swiss"]
[EventRounds "9"]
[EventCountry "INA"]
[SourceTitle "CBM 206 Extra"]
[Source "ChessBase"]
[SourceDate "2022.03.31"]
[SourceVersion "1"]
[SourceVersionDate "2022.03.31"]
[SourceQuality "1"]

1. c4 Nc6 2. Nc3 e5 3. g3 Bc5 4. Bg2 a6 5. e3 Nf6 6. Nge2 d6 7. d4 Ba7 8. b3 Bf5 9. d5 Ne7 10. h3 0-0 11. 0-0 Bg6 12. Kh2 Nf5 13. e4 Nd4 14. Be3 Bh5 15. Qd3 Nxe2 16. Nxe2 Bxe2 17. Qxe2 Nd7 18. f4 a5 19. a3 Qe7 20. f5 f6 21. h4 Nc5 22. Qc2 1/2-1/2

[Event "Wch FIDE Online U12 Asia qual"]
[Site "Tornelo INT"]
[Date "2020.12.11"]
[Round "2"]
[White "Satria, Duta Cahaya"]
[Black "Kadam, Om Manish"]
[Result "0-1"]
[WhiteElo "1820"]
[BlackElo "2114"]
[PlyCount "72"]
[EventDate "2020.12.11"]
[EventType "swiss (rapid)"]
[EventRounds "7"]
[EventCountry "ISS"]
[SourceTitle "EXT 2022"]
[Source "ChessBase"]
[SourceDate "2021.10.06"]
[SourceVersion "1"]
[SourceVersionDate "2021.10.06"]
[SourceQuality "1"]

1. d4 Nf6 2. Bf4 e6 3. e3 c5 4. Nd2 b6 5. Ngf3 Bb7 6. Nc4 d5 7. Nce5 Nbd7 8. Bb5 a6 9. Ng5 axb5 10. Nexf7 Qe7 11. Nd6+ Qxd6 12. Bxd6 Bxd6 13. Nxe6 Kf7 14. Ng5+ Ke7 15. 0-0 h6 16. Nf3 Ne4 17. Nh4 Kd8 18. f3 Nef6 19. Nf5 Bf8 20. dxc5 bxc5 21. c3 g6 22. Nh4 Rg8 23. a4 c4 24. axb5 Rxa1 25. Qxa1 Bc5 26. Re1 Ne5 27. Qa5+ Kc8 28. b6 Nfd7 29. Kf1 Bxb6 30. Qb5 Bc6 31. Qa6+ Kc7 32. Qa1 Rf8 33. Qb1 Rf6 34. Re2 Nd3 35. b4 g5 36. b5 Bb7 0-1